[Event "I Open Distrito de Chamartin 2012"]
[Site "Madrid ESP"]
[Date "2012.09.14"]
[Round "8.2"]
[White "Hernandez Carmenate, Holden"]
[Black "Vera Gonzalez-Quevedo, Reynaldo"]
[Result "1-0"]
[WhiteElo "2561"]
[BlackElo "2481"]
[PlyCount "93"]
[EventDate "2012.09.09"]
[EventType "swiss"]
[EventRounds "9"]
[EventCountry "ESP"]
[Source "lmi"]
[SourceDate "2012.09.09"]

1. d4 Nf6 2. c4 e6 3. Nf3 d5 4. Bg5 dxc4 5. Nc3 c6 6. e4 b5 7. e5 h6 8. Bh4 g5
9. Nxg5 hxg5 10. Bxg5 Nbd7 11. g3 Bb7 12. Bg2 Qb6 13. exf6 O-O-O 14. O-O c5 15.
d5 b4 16. Na4 Qa6 17. a3 Bxd5 18. Bxd5 Ne5 19. axb4 Rxd5 20. Qe2 cxb4 21. Nc3
Ra5 22. Rxa5 Qxa5 23. Ne4 Nd3 24. Rd1 Qe5 25. Qe3 b3 26. h4 a5 27. Rxd3 cxd3
28. Qxd3 Qd5 29. Qa6+ Qb7 30. Qc4+ Kb8 31. Bf4+ Ka8 32. Bd6 Rg8 33. h5 Bxd6 34.
Nxd6 Qb6 35. Qf4 Qc6 36. Nxf7 Rc8 37. Ne5 Qc1+ 38. Qxc1 Rxc1+ 39. Kg2 a4 40.
Nd3 Rc7 41. g4 Rd7 42. Nc5 Rf7 43. g5 a3 44. g6 axb2 45. gxf7 b1=Q 46. f8=Q+
Ka7 47. Qd6 1-0

[Event "I Open Distrito de Chamartin 2012"]
[Site "Madrid ESP"]
[Date "2012.09.14"]
[Round "8.3"]
[White "Taboas Rodriguez, Daniel"]
[Black "Almagro Llamas, Pablo"]
[Result "0-1"]
[WhiteElo "2402"]
[BlackElo "2455"]
[PlyCount "88"]
[EventDate "2012.09.09"]
[EventType "swiss"]
[EventRounds "9"]
[EventCountry "ESP"]
[Source "lmi"]
[SourceDate "2012.09.09"]

1. d4 Nf6 2. Nf3 e6 3. Bg5 c5 4. e3 Be7 5. Bd3 O-O 6. O-O b6 7. Qe2 Nc6 8. c3
Nd5 9. Bxe7 Qxe7 10. a3 f5 11. c4 Nf6 12. Nc3 Bb7 13. Rfd1 g6 14. Bc2 Rad8 15.
Rd2 d6 16. Rad1 e5 17. Nd5 Qg7 18. Ng5 Rfe8 19. dxe5 Rxe5 20. Nf4 Qh6 21. Nge6
Re8 22. Nc7 R8e7 23. Ncd5 Nxd5 24. Nxd5 Rf7 25. Qf1 g5 26. Nc3 Rf6 27. Nb5 f4
28. exf4 gxf4 29. Rxd6 Nd4 30. Rd8+ Rf8 31. Rxf8+ Qxf8 32. Nxd4 cxd4 33. Rxd4
Qe7 34. Rd1 f3 35. g3 Re2 36. Bd3 Bc8 37. b4 h5 38. Rb1 h4 39. gxh4 Bg4 40. h3
Qxh4 41. hxg4 Qxg4+ 42. Kh1 Qh4+ 43. Kg1 Re5 44. Qc1 Qg4+ 0-1

[Event "I Open Distrito de Chamartin 2012"]
[Site "Madrid ESP"]
[Date "2012.09.14"]
[Round "8.4"]
[White "Fernandez Lledo, Javier"]
[Black "Serrano Salvador, Eduardo"]
[Result "0-1"]
[WhiteElo "2202"]
[BlackElo "2319"]
[PlyCount "58"]
[EventDate "2012.09.09"]
[EventType "swiss"]
[EventRounds "9"]
[EventCountry "ESP"]
[Source "lmi"]
[SourceDate "2012.09.09"]

1. Nf3 d5 2. e3 Nf6 3. c4 c6 4. b3 Bg4 5. Bb2 e6 6. Be2 Nbd7 7. h3 Bh5 8. O-O
h6 9. d3 Bc5 10. a3 a5 11. Nbd2 Qe7 12. d4 Bd6 13. Ne5 Bxe2 14. Qxe2 Ne4 15.
Nxe4 dxe4 16. Qg4 Nf6 17. Qxg7 Rh7 18. Qg3 O-O-O 19. Qh4 Rg8 20. f4 Rhg7 21.
Rf2 Qd8 22. Rc2 Be7 23. Qe1 Ne8 24. c5 Bh4 25. Qc3 Nf6 26. Bc1 Nd5 27. Qb2 Be1
28. Ra2 Qh4 29. Kf1 Bd2 0-1

[Event "I Open Distrito de Chamartin 2012"]
[Site "Madrid ESP"]
[Date "2012.09.14"]
[Round "8.5"]
[White "Longa Yauca, Javier"]
[Black "Acuna Celada, Ivan"]
[Result "1-0"]
[WhiteElo "2289"]
[BlackElo "2152"]
[PlyCount "63"]
[EventDate "2012.09.09"]
[EventType "swiss"]
[EventRounds "9"]
[EventCountry "ESP"]
[Source "lmi"]
[SourceDate "2012.09.09"]

1. d4 Nf6 2. Nf3 g6 3. c4 Bg7 4. Nc3 O-O 5. e4 d6 6. h3 e5 7. d5 a5 8. g4 Na6
9. Be3 Nc5 10. Nd2 Ne8 11. Rg1 Kh8 12. Nb3 Nxb3 13. axb3 Bd7 14. Bd3 Qc8 15.
Kd2 c5 16. Qe2 f5 17. gxf5 gxf5 18. exf5 Bxf5 19. Bxf5 Qxf5 20. Qg4 e4 21. Kc2
Bxc3 22. bxc3 Ra6 23. Qxf5 Rxf5 24. b4 b6 25. Rg4 Re5 26. Rag1 Nf6 27. Rf4 axb4
28. Rxf6 Re8 29. cxb4 Ra2+ 30. Kb3 Rea8 31. Rf8+ Rxf8 32. Kxa2 1-0

[Event "I Open Distrito de Chamartin 2012"]
[Site "Madrid ESP"]
[Date "2012.09.14"]
[Round "8.6"]
[White "Unciti Juan, Javier"]
[Black "Sanchez Gonzalez, Sergio"]
[Result "0-1"]
[WhiteElo "2143"]
[BlackElo "2273"]
[PlyCount "54"]
[EventDate "2012.09.09"]
[EventType "swiss"]
[EventRounds "9"]
[EventCountry "ESP"]
[Source "lmi"]
[SourceDate "2012.09.09"]

1. e4 c5 2. Nf3 d6 3. d4 cxd4 4. Nxd4 Nf6 5. Nc3 e6 6. f4 a6 7. Qf3 Qc7 8. g4
Nc6 9. Nb3 b5 10. g5 Nd7 11. Be3 Bb7 12. Bd3 Nb6 13. a4 bxa4 14. Nxa4 Nxa4 15.
Rxa4 d5 16. O-O Be7 17. c3 O-O 18. exd5 exd5 19. Bxh7+ Kxh7 20. Qh5+ Kg8 21. f5
d4 22. g6 fxg6 23. fxg6 Rxf1+ 24. Kxf1 Bf6 25. Nxd4 Re8 26. Bd2 Ne7 27. Ra5
Qc4+ 0-1

[Event "I Open Distrito de Chamartin 2012"]
[Site "Madrid ESP"]
[Date "2012.09.14"]
[Round "8.7"]
[White "Lopez Heras, Arturo"]
[Black "Hernando Pertierra, Jose C"]
[Result "0-1"]
[WhiteElo "1976"]
[BlackElo "2376"]
[PlyCount "80"]
[EventDate "2012.09.09"]
[EventType "swiss"]
[EventRounds "9"]
[EventCountry "ESP"]
[Source "lmi"]
[SourceDate "2012.09.09"]

1. e4 g6 2. d4 c6 3. Be2 d5 4. e5 a6 5. Nf3 Bg4 6. Nbd2 Bg7 7. O-O e6 8. h3
Bxf3 9. Nxf3 Ne7 10. Bg5 c5 11. dxc5 Nbc6 12. Bf6 Bxf6 13. exf6 Ng8 14. c4 Nxf6
15. cxd5 Nxd5 16. Qb3 O-O 17. Rad1 Qe7 18. Rfe1 Rac8 19. a3 Nf4 20. Bf1 Rfd8
21. Qc4 Qf6 22. Kh1 Nxh3 23. Rxd8+ Rxd8 24. gxh3 Qxf3+ 25. Bg2 Qd3 26. Qg4 Rd4
27. f4 Kg7 28. Qh4 h6 29. Qf2 Qc4 30. Rf1 Qxc5 31. Rg1 Qd6 32. Rf1 Rd2 33. Qb6
Ne7 34. Qxd6 Rxd6 35. Bxb7 Rb6 36. Be4 Rxb2 37. Ra1 a5 38. Kg1 Kf6 39. Rc1 Rb3
40. a4 Rb4 0-1

[Event "I Open Distrito de Chamartin 2012"]
[Site "Madrid ESP"]
[Date "2012.09.14"]
[Round "8.8"]
[White "Alonso Aranzabal, Inigo"]
[Black "Gonzalez Mateos, Rafael"]
[Result "1/2-1/2"]
[WhiteElo "1976"]
[BlackElo "2161"]
[PlyCount "83"]
[EventDate "2012.09.09"]
[EventType "swiss"]
[EventRounds "9"]
[EventCountry "ESP"]
[Source "lmi"]
[SourceDate "2012.09.09"]

1. e4 e6 2. d4 d5 3. e5 c5 4. c3 Qb6 5. Nf3 Nc6 6. a3 c4 7. Nbd2 f6 8. b3 cxb3
9. Nxb3 fxe5 10. Nxe5 Nxe5 11. dxe5 Bd7 12. Bd3 Qc7 13. O-O g6 14. Be3 Ne7 15.
Nc5 Bc8 16. c4 d4 17. Bxd4 Nc6 18. Nb3 Bg7 19. f4 Nxd4 20. Nxd4 O-O 21. Nb5
Qc5+ 22. Kh1 Bd7 23. Nd6 Qd4 24. Be4 Qxd1 25. Raxd1 Bc6 26. Bxc6 bxc6 27. g3 g5
28. c5 gxf4 29. gxf4 Rad8 30. Rd4 Bxe5 31. Ra4 Bxd6 32. cxd6 Rd7 33. Kg2 Rxd6
34. Rxa7 Rf7 35. Rxf7 Kxf7 36. Rf3 Kf6 37. Rc3 Rd2+ 38. Kg3 Rb2 39. h3 c5 40.
Kg4 Rg2+ 41. Kf3 Ra2 42. Kg4 1/2-1/2

[Event "I Open Distrito de Chamartin 2012"]
[Site "Madrid ESP"]
[Date "2012.09.14"]
[Round "8.9"]
[White "Collado Barbas, Laura"]
[Black "Nunez Miranda, Adrian"]
[Result "1/2-1/2"]
[WhiteElo "2149"]
[BlackElo "1971"]
[PlyCount "193"]
[EventDate "2012.09.09"]
[EventType "swiss"]
[EventRounds "9"]
[EventCountry "ESP"]
[Source "lmi"]
[SourceDate "2012.09.09"]

1. d4 d6 2. Nf3 g6 3. c4 Bg7 4. Nc3 e5 5. e4 Nc6 6. Be3 Bg4 7. d5 Nd4 8. Bxd4
exd4 9. Nb5 Qe7 10. Bd3 c6 11. Na3 Nf6 12. O-O O-O 13. Re1 Nd7 14. h3 Bxf3 15.
Qxf3 c5 16. Qg3 Bf6 17. Bc2 Ne5 18. Re2 b5 19. Nxb5 a6 20. f4 Nxc4 21. Na3 Ne3
22. Bd3 Rfb8 23. b3 Rb4 24. Rc1 Kh8 25. Nc4 g5 26. e5 dxe5 27. fxe5 Rxc4 28.
Bxc4 Qxe5 29. Qf3 Qf4 30. Qxf4 gxf4 31. Kf2 Be5 32. Bd3 Bd6 33. b4 c4 34. Be4
Bxb4 35. Rb1 Bc5 36. Kf3 d3 37. Rd2 f5 38. Bxd3 cxd3 39. Rxd3 Rd8 40. Kxf4 Rxd5
41. Rxd5 Nxd5+ 42. Kxf5 Kg7 43. g4 Nb4 44. Rc1 Bb6 45. Rb1 Bc5 46. Rc1 Bb6 47.
a3 Nd5 48. Ke5 Ne7 49. Ke6 Ng6 50. Rc4 a5 51. g5 Bd8 52. h4 Nf8+ 53. Kd6 Kf7
54. Rf4+ Kg7 55. Rf5 Ng6 56. h5 Nh4 57. Rb5 Kf8 58. Rb8 Ke8 59. Ke6 Ng2 60. g6
Nf4+ 61. Kf5 Nxg6 62. hxg6 hxg6+ 63. Kxg6 Kd7 64. Kf5 Bc7 65. Rb3 Kc6 66. Ke4
Bd6 67. Kd4 Be7 68. Kc4 Bd6 69. Rh3 Bf8 70. Rg3 Be7 71. Rg6+ Bd6 72. Rh6 Kc7
73. Kb5 Bxa3 74. Kxa5 Bb2 75. Kb5 Be5 76. Kc5 Kb7 77. Rb6+ Ka8 78. Kc6 Bb8 79.
Rb7 Bg3 80. Kb6 Bb8 81. Ka6 Be5 82. Rd7 Bf4 83. Rf7 Be5 84. Kb6 Bd4+ 85. Kc6
Be3 86. Kc7 Bg1 87. Rh7 Bf2 88. Rh1 Bg3+ 89. Kc6 Bf2 90. Rh3 Bd4 91. Rd3 Bg1
92. Kc7 Bf2 93. Ra3+ Ba7 94. Rb3 Bf2 95. Rb8+ Ka7 96. Rb3 Ka8 97. Ra3+ 1/2-1/2

[Event "I Open Distrito de Chamartin 2012"]
[Site "Madrid ESP"]
[Date "2012.09.14"]
[Round "8.10"]
[White "Gomez Feria, Jose Maria"]
[Black "Baeza Escudero, Javier"]
[Result "1-0"]
[WhiteElo "1930"]
[BlackElo "2008"]
[PlyCount "85"]
[EventDate "2012.09.09"]
[EventType "swiss"]
[EventRounds "9"]
[EventCountry "ESP"]
[Source "lmi"]
[SourceDate "2012.09.09"]

1. Nf3 d5 2. c4 c6 3. b3 Bf5 4. Bb2 Nf6 5. g3 Nbd7 6. Bg2 e6 7. O-O Bd6 8. d4
O-O 9. Nh4 Be4 10. Bh3 g5 11. Nd2 gxh4 12. Nxe4 Nxe4 13. f3 Ng5 14. Bg2 hxg3
15. h4 Nxf3+ 16. Rxf3 Qxh4 17. Qd3 Nf6 18. Bc1 Ne4 19. Be3 f5 20. Kf1 f4 21.
Bg1 Bb4 22. Rd1 Ng5 23. Ra1 Ne4 24. Rd1 Rae8 25. Qc2 Qg5 26. Qc1 Nc3 27. Rxc3
Bxc3 28. Qxc3 e5 29. dxe5 Rxe5 30. Bf3 h5 31. Bd4 Re3 32. Bxe3 fxe3 33. Kg2 Rf4
34. Qxe3 h4 35. Rh1 Kg7 36. cxd5 cxd5 37. Qxa7 Rxf3 38. exf3 Qd2+ 39. Kh3 g2
40. Qxb7+ Kh6 41. Rg1 Qf2 42. Qc6+ Kh7 43. Qd7+ 1-0

[Event "I Open Distrito de Chamartin 2012"]
[Site "Madrid ESP"]
[Date "2012.09.14"]
[Round "8.11"]
[White "Tipter, Napoleon"]
[Black "Zhynguel Ramirez De Verger, Aleksei"]
[Result "0-1"]
[WhiteElo "2002"]
[BlackElo "1704"]
[PlyCount "46"]
[EventDate "2012.09.09"]
[EventType "swiss"]
[EventRounds "9"]
[EventCountry "ESP"]
[Source "lmi"]
[SourceDate "2012.09.09"]

1. e4 c5 2. Nf3 d6 3. d4 Nf6 4. Nc3 cxd4 5. Qxd4 a6 6. Bg5 Nc6 7. Qd2 e6 8.
O-O-O Be7 9. Be2 h6 10. Bxf6 gxf6 11. Ne1 b5 12. Bh5 Qa5 13. Qe2 b4 14. Nd5
exd5 15. exd5 Ne5 16. Kb1 Qb6 17. f4 Nd7 18. Nf3 Ra7 19. Qe6 Rf8 20. Rhe1 Qd8
21. Qxd6 Rb7 22. Nd4 Nb8 23. Nf5 Bxf5 0-1

[Event "I Open Distrito de Chamartin 2012"]
[Site "Madrid ESP"]
[Date "2012.09.14"]
[Round "8.12"]
[White "Garcia Galeote, Lorenzo"]
[Black "Castellanos, Jorge"]
[Result "0-1"]
[WhiteElo "2013"]
[BlackElo "2201"]
[PlyCount "54"]
[EventDate "2012.09.09"]
[EventType "swiss"]
[EventRounds "9"]
[EventCountry "ESP"]
[Source "lmi"]
[SourceDate "2012.09.09"]

1. Nf3 d5 2. b3 f6 3. d4 c5 4. e3 Nc6 5. Bb2 e6 6. c4 cxd4 7. exd4 Bd6 8. Nc3
Nge7 9. Bd3 a6 10. O-O Bd7 11. Re1 Kf8 12. a3 g6 13. c5 Bc7 14. b4 Qe8 15. h4
Kg7 16. Bc1 Qf7 17. Ne2 Rhf8 18. Bf4 Bxf4 19. Nxf4 e5 20. dxe5 fxe5 21. Nxd5
Nxd5 22. Qd2 Nf4 23. Be4 Rad8 24. Qb2 Qf6 25. Rad1 Bg4 26. Rxd8 Rxd8 27. Bxc6
Nd3 0-1

[Event "I Open Distrito de Chamartin 2012"]
[Site "Madrid ESP"]
[Date "2012.09.14"]
[Round "8.13"]
[White "Nieto De La Cruz, Julio"]
[Black "Rodriguez Gomez, Vicente"]
[Result "1-0"]
[WhiteElo "2139"]
[BlackElo "1992"]
[PlyCount "63"]
[EventDate "2012.09.09"]
[EventType "swiss"]
[EventRounds "9"]
[EventCountry "ESP"]
[Source "lmi"]
[SourceDate "2012.09.09"]

1. d4 d5 2. Nf3 Nf6 3. c4 e6 4. g3 Bb4+ 5. Nbd2 dxc4 6. Bg2 c3 7. bxc3 Bxc3 8.
Rb1 O-O 9. O-O a5 10. Nc4 b6 11. a3 Ra7 12. Qd3 Bxd4 13. Nxd4 Ba6 14. Rd1 c5
15. Nb5 Rd7 16. Ncd6 Ne8 17. Bf4 g5 18. Be5 f6 19. Bh3 Qe7 20. Qb3 Bxb5 21.
Bxe6+ Kh8 22. Bxd7 Bxd7 23. Nxe8 Rxe8 24. Bd6 Qe4 25. f3 Qxe2 26. Bxb8 Ba4 27.
Qxa4 Qe3+ 28. Kg2 g4 29. Qxg4 Qe2+ 30. Kh1 Rxb8 31. Qe4 Qf2 32. Rd7 1-0

[Event "I Open Distrito de Chamartin 2012"]
[Site "Madrid ESP"]
[Date "2012.09.14"]
[Round "8.15"]
[White "Cerrato Torrijos, Maria"]
[Black "Gonzalez Pabollet, Jesus Maria"]
[Result "1/2-1/2"]
[WhiteElo "2120"]
[BlackElo "1978"]
[PlyCount "77"]
[EventDate "2012.09.09"]
[EventType "swiss"]
[EventRounds "9"]
[EventCountry "ESP"]
[Source "lmi"]
[SourceDate "2012.09.09"]

1. e4 c5 2. Nc3 e6 3. Nge2 d5 4. exd5 exd5 5. d4 Nf6 6. g3 Nc6 7. Bg2 cxd4 8.
Nxd4 Bb4 9. O-O O-O 10. Bg5 Be6 11. Nce2 h6 12. Bf4 Bg4 13. Qd3 Re8 14. Nxc6
Bxe2 15. Nxd8 Bxd3 16. cxd3 Raxd8 17. a3 Bc5 18. Rac1 Bd4 19. Rc7 b5 20. Bf3
Rc8 21. Rxc8 Rxc8 22. Bc1 Rc2 23. b4 Bxf2+ 24. Kh1 Bd4 25. Re1 Bf2 26. Rf1 g5
27. Rd1 Kg7 28. Bd2 Ra2 29. Bc1 g4 30. Bg2 Kg6 31. Rf1 h5 32. Rd1 h4 33. gxh4
Bxh4 34. Rf1 Bf2 35. Rd1 Rc2 36. Rf1 Re2 37. Bf4 Bd4 38. Bc1 Ra2 39. Rd1
1/2-1/2

[Event "I Open Distrito de Chamartin 2012"]
[Site "Madrid ESP"]
[Date "2012.09.14"]
[Round "8.16"]
[White "Rodriguez Dorado, Victor"]
[Black "Ginesta Caballero, Olga Lucia"]
[Result "0-1"]
[WhiteElo "1958"]
[BlackElo "2099"]
[PlyCount "86"]
[EventDate "2012.09.09"]
[EventType "swiss"]
[EventRounds "9"]
[EventCountry "ESP"]
[Source "lmi"]
[SourceDate "2012.09.09"]

1. e4 c5 2. Nf3 g6 3. d4 cxd4 4. Nxd4 Nc6 5. Nc3 Bg7 6. Be3 Nf6 7. Bc4 O-O 8.
Bb3 Ng4 9. Nxc6 Nxe3 10. Nxd8 Nxd1 11. Rxd1 Bxc3+ 12. bxc3 Rxd8 13. O-O b6 14.
Rd4 Bb7 15. Rfd1 Bc6 16. Bd5 Bxd5 17. Rxd5 d6 18. e5 Rac8 19. R1d3 Kf8 20. exd6
Rxd6 21. Rxd6 exd6 22. Kf1 Ke7 23. Ke2 Rc4 24. a3 Ra4 25. c4 Rxc4 26. Kd2 f5
27. g3 g5 28. f3 f4 29. Rd5 h6 30. Rd3 Ke6 31. g4 d5 32. Rb3 Kd6 33. Kd3 Kc5
34. h3 Rd4+ 35. Ke2 Kc4 36. Ke1 b5 37. Ke2 a5 38. Rb2 Kc5 39. Rb3 Rc4 40. Kd3
a4 41. Rb1 d4 42. Re1 Rc3+ 43. Kd2 Re3 0-1

[Event "I Open Distrito de Chamartin 2012"]
[Site "Madrid ESP"]
[Date "2012.09.14"]
[Round "8.17"]
[White "Noval Toldos, Francisco Javier"]
[Black "Spitzer Isbert, Ramon"]
[Result "1-0"]
[WhiteElo "1956"]
[BlackElo "2078"]
[PlyCount "145"]
[EventDate "2012.09.09"]
[EventType "swiss"]
[EventRounds "9"]
[EventCountry "ESP"]
[Source "lmi"]
[SourceDate "2012.09.09"]

1. e4 Nf6 2. e5 Nd5 3. d4 d6 4. c4 Nb6 5. exd6 exd6 6. Nc3 Be7 7. Bd3 O-O 8.
Nge2 N6d7 9. O-O Re8 10. Bf4 Nf8 11. Bg3 c6 12. f4 Nbd7 13. h3 Nf6 14. Bf2 d5
15. c5 b5 16. b4 a5 17. a3 Bd7 18. Ng3 Qc8 19. f5 Bd8 20. Qf3 Bc7 21. Nge2 h6
22. g4 N8h7 23. h4 Qb8 24. Rfd1 Re7 25. Ng3 axb4 26. axb4 Rxa1 27. Rxa1 Qe8 28.
Kf1 Qb8 29. Kg2 Bf4 30. Ra2 Re8 31. Nge2 Bc7 32. Be1 Kh8 33. Bd2 g5 34. hxg5
Nxg5 35. Bxg5 hxg5 36. Ra6 Kg7 37. Nd1 Rh8 38. Nf2 Rh2+ 39. Kg1 Rh4 40. Kg2 Qh8
41. Ra7 Rh2+ 42. Kf1 Bb8 43. Ra8 Rxf2+ 44. Kxf2 Qh4+ 45. Ke3 Qh8 46. Ra1 Qh4
47. Rg1 Bc7 48. Kd2 Qh8 49. Rh1 Qa8 50. Qh3 Qa2+ 51. Ke3 Kf8 52. Qh6+ Ke7 53.
Qxg5 Bd8 54. Rh6 Ke8 55. Rh8+ Ke7 56. Rxd8 Kxd8 57. Qxf6+ Kc8 58. Qxf7 Qa3 59.
Qf8+ Kb7 60. Qd6 Bc8 61. Qd8 Qxb4 62. Qb6+ Ka8 63. Qxc6+ Bb7 64. Qe8+ Ka7 65.
Qxb5 Qa3 66. c6 Qe7+ 67. Kd2 Qg5+ 68. Kc2 Bc8 69. Qc5+ Kb8 70. Qd6+ Ka8 71.
Qxd5 Kb8 72. Qe5+ Ka7 73. Qc7+ 1-0

[Event "I Open Distrito de Chamartin 2012"]
[Site "Madrid ESP"]
[Date "2012.09.14"]
[Round "8.18"]
[White "Lopez Garralon, Miguel"]
[Black "Abul, Qasem"]
[Result "1-0"]
[WhiteElo "1947"]
[BlackElo "2030"]
[PlyCount "43"]
[EventDate "2012.09.09"]
[EventType "swiss"]
[EventRounds "9"]
[EventCountry "ESP"]
[Source "lmi"]
[SourceDate "2012.09.09"]

1. e4 e5 2. Nf3 Nc6 3. Bc4 Bc5 4. d3 Nf6 5. h3 d6 6. Nbd2 Na5 7. c3 Nxc4 8.
Nxc4 a6 9. a4 Be6 10. Ne3 Ba7 11. O-O O-O 12. g4 Nd7 13. Nf5 f6 14. d4 d5 15.
Qb3 Nb6 16. dxe5 Re8 17. N3d4 fxe5 18. Nxe6 Rxe6 19. Rd1 c6 20. exd5 Nxd5 21.
Qxb7 Bc5 22. Qxg7# 1-0

[Event "I Open Distrito de Chamartin 2012"]
[Site "Madrid ESP"]
[Date "2012.09.14"]
[Round "8.19"]
[White "Cano Cabanillas, Javier"]
[Black "Largo Barbero, Benito"]
[Result "1-0"]
[WhiteElo "2027"]
[BlackElo "1885"]
[PlyCount "93"]
[EventDate "2012.09.09"]
[EventType "swiss"]
[EventRounds "9"]
[EventCountry "ESP"]
[Source "lmi"]
[SourceDate "2012.09.09"]

1. e4 g6 2. d4 Bg7 3. Nc3 d6 4. Be3 a6 5. a4 Nd7 6. Nge2 b6 7. g3 Rb8 8. Bg2 c5
9. O-O Bb7 10. h3 h5 11. Qd2 e6 12. f4 Ne7 13. Rae1 f5 14. dxc5 dxc5 15. Qd6
Kf7 16. Rd1 Nf6 17. exf5 Nxf5 18. Qxd8 Rhxd8 19. Bf2 Bxg2 20. Kxg2 Nd5 21. Nxd5
exd5 22. b3 Rb7 23. g4 hxg4 24. hxg4 Nh6 25. Kf3 d4 26. Nc1 Re8 27. Nd3 Rbe7
28. Rfe1 Ng8 29. Rxe7+ Rxe7 30. Re1 Rxe1 31. Bxe1 a5 32. Bh4 Bf6 33. Bxf6 Nxf6
34. Ne5+ Kg7 35. Nc4 Nd5 36. Ke4 Nf6+ 37. Kf3 Nd5 38. g5 Kf7 39. Ne5+ Kg7 40.
Nd7 Kf7 41. Ke4 Nc7 42. Nxb6 Ke6 43. Nc4 Nd5 44. Nxa5 Nb4 45. Nb7 Nxc2 46.
Nxc5+ Kd6 47. Nd3 1-0

[Event "I Open Distrito de Chamartin 2012"]
[Site "Madrid ESP"]
[Date "2012.09.14"]
[Round "8.20"]
[White "Garcia Salamero, Hector"]
[Black "Rodriguez Perez, David"]
[Result "1/2-1/2"]
[WhiteElo "1868"]
[BlackElo "2019"]
[PlyCount "63"]
[EventDate "2012.09.09"]
[EventType "swiss"]
[EventRounds "9"]
[EventCountry "ESP"]
[Source "lmi"]
[SourceDate "2012.09.09"]

1. e4 c5 2. Nf3 d6 3. d4 cxd4 4. Nxd4 Nf6 5. Nc3 g6 6. g3 Bg7 7. Bg2 O-O 8. O-O
Nc6 9. Nde2 Rb8 10. a4 a6 11. b3 b5 12. axb5 axb5 13. Bb2 Qb6 14. Qd2 Bb7 15.
Nd5 Nxd5 16. Bxg7 Kxg7 17. exd5 Ne5 18. Qd4 Qxd4 19. Nxd4 Rfc8 20. f4 Ng4 21.
Rfe1 Kf8 22. Nc6 Bxc6 23. dxc6 Rc7 24. c4 bxc4 25. bxc4 e6 26. Rab1 Rxb1 27.
Rxb1 Ke7 28. Rb7 Kd8 29. Rb8+ Ke7 30. Rb7 Kd8 31. Rb8+ Ke7 32. Rb7 1/2-1/2

[Event "I Open Distrito de Chamartin 2012"]
[Site "Madrid ESP"]
[Date "2012.09.14"]
[Round "8.21"]
[White "Garcia Esteban, Ignacio"]
[Black "De La Colina Fernandez, Gerardo"]
[Result "1/2-1/2"]
[WhiteElo "1940"]
[BlackElo "2016"]
[PlyCount "54"]
[EventDate "2012.09.09"]
[EventType "swiss"]
[EventRounds "9"]
[EventCountry "ESP"]
[Source "lmi"]
[SourceDate "2012.09.09"]

1. e4 d6 2. d4 g6 3. Nf3 Bg7 4. c3 Nd7 5. Bc4 c5 6. Qb3 e6 7. O-O Qb6 8. Bf4
Qxb3 9. Bxb3 e5 10. dxe5 dxe5 11. Be3 Ngf6 12. Nbd2 O-O 13. h3 b6 14. Bg5 Bb7
15. Rfe1 h6 16. Bh4 g5 17. Bg3 Nh5 18. Ba4 Rfd8 19. Bxd7 Rxd7 20. Nc4 f6 21. a4
Rad8 22. Bh2 Bf8 23. g4 Ng7 24. Bg3 Ne6 25. Kg2 Rd3 26. Ng1 Ba6 27. Ne3 Rd2
1/2-1/2

[Event "I Open Distrito de Chamartin 2012"]
[Site "Madrid ESP"]
[Date "2012.09.14"]
[Round "8.22"]
[White "Avendano Mateos, Jose"]
[Black "Lozano Sanchez, Jose Antonio"]
[Result "1-0"]
[WhiteElo "2014"]
[BlackElo "1873"]
[PlyCount "97"]
[EventDate "2012.09.09"]
[EventType "swiss"]
[EventRounds "9"]
[EventCountry "ESP"]
[Source "lmi"]
[SourceDate "2012.09.09"]

1. d4 d5 2. Nf3 Nf6 3. Bg5 Bf5 4. e3 Nbd7 5. c4 c6 6. Nc3 h6 7. Bh4 e6 8. cxd5
exd5 9. Bd3 Bxd3 10. Qxd3 Be7 11. O-O O-O 12. a3 Re8 13. b4 Ne4 14. Bxe7 Rxe7
15. Nd2 Ndf6 16. Ncxe4 Nxe4 17. Nxe4 Rxe4 18. b5 Re6 19. Rab1 Qd7 20. Rfc1 Rc8
21. g3 Rd6 22. Kg2 cxb5 23. Rxc8+ Qxc8 24. Rxb5 Rd7 25. Rc5 Qe8 26. Qf5 Qd8 27.
Qc2 Qe7 28. Qf5 Qd8 29. a4 b6 30. Rb5 Rd6 31. h4 Qd7 32. Qxd7 Rxd7 33. Kf3 g6
34. Kf4 f6 35. h5 g5+ 36. Kf5 Kf7 37. a5 Rd6 38. Rb2 Rc6 39. axb6 axb6 40. g4
Kg7 41. Ra2 b5 42. Ra7+ Kf8 43. Rb7 Rc2 44. f4 gxf4 45. exf4 Rc4 46. Kxf6 Kg8
47. Ke5 Rc1 48. Rxb5 Rg1 49. Kf5 1-0

[Event "I Open Distrito de Chamartin 2012"]
[Site "Madrid ESP"]
[Date "2012.09.14"]
[Round "8.24"]
[White "Alvarez Abejon, Amilcar"]
[Black "Marcos Herrero, Francisco"]
[Result "1-0"]
[WhiteElo "2105"]
[BlackElo "1937"]
[PlyCount "45"]
[EventDate "2012.09.09"]
[EventType "swiss"]
[EventRounds "9"]
[EventCountry "ESP"]
[Source "lmi"]
[SourceDate "2012.09.09"]

1. e4 c5 2. Nf3 d6 3. d4 Nf6 4. Nc3 cxd4 5. Nxd4 g6 6. Be3 Bg7 7. Be2 Nc6 8.
Qd2 O-O 9. O-O-O Nxd4 10. Bxd4 Be6 11. Kb1 b5 12. Bf3 Rb8 13. Nd5 b4 14. Nxb4
Rb5 15. Nd5 Qb8 16. Nxe7+ Kh8 17. Qc3 Ne8 18. b3 Bxd4 19. Qxd4+ Ng7 20. Qxd6
Bxb3 21. Qxb8 Bxa2+ 22. Kxa2 Rfxb8 23. Rd3 1-0

[Event "I Open Distrito de Chamartin 2012"]
[Site "Madrid ESP"]
[Date "2012.09.14"]
[Round "8.25"]
[White "Camara Cozar, David"]
[Black "Cucarella Montell, Angels"]
[Result "0-1"]
[WhiteElo "2077"]
[BlackElo "1967"]
[PlyCount "130"]
[EventDate "2012.09.09"]
[EventType "swiss"]
[EventRounds "9"]
[EventCountry "ESP"]
[Source "lmi"]
[SourceDate "2012.09.09"]

1. e4 c5 2. b3 e6 3. Bb2 d6 4. f4 Nf6 5. Bb5+ Nbd7 6. d3 Be7 7. Ne2 O-O 8. Bxd7
Bxd7 9. O-O b5 10. Ng3 a5 11. c4 bxc4 12. bxc4 Rb8 13. Bc3 Bc6 14. a4 Nd7 15.
Na3 Bf6 16. Bxf6 Qxf6 17. Nb5 Nb6 18. Kh1 Bxb5 19. axb5 a4 20. f5 Qg5 21. Ne2
d5 22. exd5 exd5 23. f6 g6 24. Qc1 Qxc1 25. Rfxc1 Rfe8 26. Nc3 dxc4 27. dxc4
Nxc4 28. Nxa4 Nd2 29. Re1 Ne4 30. b6 c4 31. b7 Kf8 32. Kg1 c3 33. Rxe4 Rxe4 34.
Nc5 Rd4 35. Rc1 Ke8 36. Rxc3 Rd5 37. g4 h5 38. gxh5 Rxh5 39. Ne4 Kd7 40. Rb3
Re5 41. Ng3 Kc7 42. Kg2 Rxb7 43. Rc3+ Kd7 44. Kf3 Rb2 45. Kf4 Re6 46. Ne4 Rb4
47. Re3 Rxf6+ 48. Kg5 Rf5+ 49. Kh6 Re5 50. Rd3+ Ke7 51. Ng3 Rh4+ 52. Kg7 Rxh2
53. Rf3 f5 54. Kxg6 Rg2 55. Kg5 Ke6 56. Kh4 Kf6 57. Nh5+ Ke7 58. Nf4 Rg8 59.
Kh5 Kf6 60. Kh4 Re1 61. Nh5+ Ke5 62. Ng3 f4 63. Nf1 Kf5 64. Kh3 Re2 65. Ng3+
Rxg3+ 0-1

[Event "I Open Distrito de Chamartin 2012"]
[Site "Madrid ESP"]
[Date "2012.09.14"]
[Round "8.26"]
[White "Martin Martin, Luis Vicente"]
[Black "Santamaria Baeza, Adolfo"]
[Result "1/2-1/2"]
[WhiteElo "2069"]
[BlackElo "1897"]
[PlyCount "63"]
[EventDate "2012.09.09"]
[EventType "swiss"]
[EventRounds "9"]
[EventCountry "ESP"]
[Source "lmi"]
[SourceDate "2012.09.09"]

1. d4 Nf6 2. Bf4 e6 3. e3 c5 4. c3 Be7 5. h3 O-O 6. Nf3 b6 7. Bd3 Bb7 8. O-O d6
9. Nbd2 Re8 10. Re1 Nbd7 11. Nc4 Nf8 12. dxc5 bxc5 13. Bxd6 Bxd6 14. Nxd6 Bxf3
15. gxf3 Re7 16. Be4 Rd7 17. Bxa8 Rxd6 18. Qa4 Qxa8 19. e4 e5 20. Rad1 Rb6 21.
Rd2 Nh5 22. Red1 Qc8 23. Rd8 Qxh3 24. Rxf8+ Kxf8 25. Rd8+ Ke7 26. Qxa7+ Kxd8
27. Qxb6+ Kd7 28. Qb7+ Ke8 29. Qb8+ Kd7 30. Qb7+ Kd8 31. Qb8+ Qc8 32. Qd6+
1/2-1/2